| 000 | 00493nam a2200157 a 4500 | ||
|---|---|---|---|
| 001 | 000040957 | ||
| 005 | 20201002034515.0 | ||
| 008 | 130911s1988 sp 000 0 spa d | ||
| 020 | _a8435900401 | ||
| 040 |
_aDO-SdBNP _bspa _cBNPHU |
||
| 100 | 1 |
_aDíez Borque, José María _967390 |
|
| 245 | 1 | 0 |
_aComentario de Textos Literarios : _b(Método y práctica) / _cJosé María Díez Borque. |
| 260 |
_aMadrid : _bPlayor, _c1988. |
||
| 300 |
_a236 p. ; _c22 cm. |
||
| 504 | _abibliografía : p. 231-236 | ||
| 999 |
_c40447 _d40447 |
||